000 00741nam a22001937a 4500
005 20180618140712.0
010 _a1718EN-30 B-686506-517
020 _a9788129144447
_c295.00
035 _aB-686506-517
037 _bPansy Books
_adpl
082 _a170
100 _aPillai, Radhakrishnan
245 _aChanakya in daily life /
_cby Radhakrishnan Pillai
260 _aNew Delhi
_bRupa Pub.
_c2017
270 _a7/16, Ansari Road, Daryaganj,
_bNew Delhi
_e110002
300 _a274p.
_c17cm(pbk)
942 _2ddc
_cEN
_mPIL
_h170
999 _c144793
_d144793